00811nam a2200217 a 450000100100000000500170001000800410002702000150006804000250008324500640010825000110017226000400018330000210022349000190024459000760026370000250033983000260036404900090039095201770039999900170057600003581220200930074631.0111114s1979 es 000 0 spa d a8485456076 aDO-SdBNPbspacBNPHU04aLos libros de hermes trismegisto /ctraducido Louis Menard. a2a ed. aBarcelona :bVisión Libro,c1979. a281 p. ;c22 cm.1 aVisión libro aPerteneció a la biblioteca personal de Juan Isidro Jimenes Grullón.12aMenard, Louis961766 0aVisión libro961767 aBNPD 001050718MOaGRbGRcCTd2011-11-14iLF1l0o p35812-10r2020-06-25w2020-06-25y1zPerteneció a la biblioteca personal de Juan Isidro Jimenes GrullónZNo se presta c35303d35303